I tre giorni del condor /

Guardat en:
Dades bibliogràfiques
Autor principal: Grusin, Dave (Compositor)
Altres autors: Robertson, Cliff (Actor), Rayfiel, David (Scenarist), Sydow, Max : von (Actor), Redford, Robert (Actor), Dunaway, Faye (Actor), Pollack, Sydney (Director), Semple, Lorenzo (jr.) (Scenarist)
Format: Diapositiva
Idioma:italià
Publicat: Roma : L'Unità, [1995]
Col·lecció:Americana ; 10
Matèries:
Etiquetes: Afegir etiqueta
Sense etiquetes, Sigues el primer a etiquetar aquest registre!

MARC

LEADER 00000ngm a22000007i 4500
001 IT\ICCU\TO0\0609704
003 ItRI
005 20260124182856.0
008 980428s1995 it |||||||||||||||k|||||c
040 |b ita 
041 7 |a ita  |2 ISO-639-2 
130 0 |a Three Days of the Condor <film ; 1975>  |3 IT\ICCU\MOD\0550313 
245 0 2 |a I tre giorni del condor /  |c regia di Sidney Pollack ; musiche di David Grusin ; sceneggiatura di Lorenzo Semple jr. e David Rayfiel. 
260 |a Roma :  |b L'Unità,  |c [1995] 
300 |a 1 videocassetta (VHS) (113 min.) :  |b color. ;  |c 19 cm +  |e 1 opusc 
500 |a Tit. del contenitore 
500 |a Film del 1975, USA; interpreti: Robert Redford, Faye Dunaway, Cliff Robertson, Max Von Sydow 
500 |a Suppl. a: L'Unità n. 264 del 11/11/95 
500 |a Su licenza Ricordi video. 
650 7 |a Film 
700 1 |a Robertson, Cliff  |0 IT\ICCU\MILV\233922  |4 act 
700 1 |a Rayfiel, David  |0 IT\ICCU\RAVV\054685  |4 sce 
700 1 |a Sydow, Max : von  |0 IT\ICCU\RAVV\088743  |4 act 
700 1 |a Redford, Robert  |0 IT\ICCU\RAVV\088794  |4 act 
700 1 |a Dunaway, Faye  |0 IT\ICCU\RAVV\088962  |4 act 
700 1 |a Pollack, Sydney  |0 IT\ICCU\RAVV\089536  |4 drt 
700 1 |a Grusin, Dave  |0 IT\ICCU\RAVV\089742  |4 cmp 
700 1 |a Semple, Lorenzo  |c  (jr.)  |0 IT\ICCU\RAVV\101304  |4 sce 
790 1 |a Sydow, Carl Adolf : von  |3 IT\ICCU\SBNV\063727  |z Sydow, Max : von 
790 1 |a Grusin, David  |3 IT\ICCU\MODV\328977  |z Grusin, Dave 
830 0 |a Americana ;  |v 10  |0 IT\ICCU\RAV\0278880 
942 |2 ddc  |c VM  |n 0 
952 |0 0  |1 0  |4 0  |6 VO_929_000000000000000  |7 0  |9 27395  |a BO  |b BO  |d 2026-01-24  |i 7892  |l 0  |o VO 929  |p BO7892  |r 2026-01-24 18:28:56  |w 2026-01-24  |x [Sebina 5] [1 videocassetta]  |y VM  |z 1 videocassetta 
999 |c 23204  |d 23204